Pie y pierna (Record no. 80664)

MARC details
000 -LEADER
campo de control de longitud fija 00618nam a2200157 i 4500
001 - NÚMERO DE CONTROL
campo de control 80664
003 - IDENTIFICADOR DE NÚMERO DE CONTROL
campo de control ES-MaACL
007 - CAMPO FIJO DE DESCRIPCIÓN FÍSICA--INFORMACIÓN GENERAL
campo de control de longitud fija t|
008 - DATOS DE LONGITUD FIJA--INFORMACIÓN GENERAL
campo de control de longitud fija 041029s1949 sp ||||1| spa d
100 1# - ENTRADA PRINCIPAL--NOMBRE DE PERSONA
Nombre de persona Hohmann, Georg.
9 (RLIN) 63986
245 10 - MENCIÓN DEL TÍTULO
Título Pie y pierna
Resto del título : sus afecciones y su tratamiento /
Mención de responsabilidad, etc. por Georg Hohmann ; traducción de la tercera edición alemana ampliada por su autor para esta edición española por F. Jimeno Vidal.
260 ## - PUBLICACIÓN, DISTRIBUCIÓN, ETC.
Lugar de publicación, distribución, etc. Barcelona :
Nombre del editor, distribuidor, etc. Labor,
Fecha de publicación, distribución, etc. 1949 (
Fabricante Tall. Graf. Ibero-Americanos)
300 ## - DESCRIPCIÓN FÍSICA
Extensión XV, 555 p. :
Otras características físicas il. ;
Dimensiones 25 cm.
700 1# - ENTRADA AGREGADA--NOMBRE PERSONAL
Nombre de persona Jimeno Vidal, Francisco.
9 (RLIN) 66661
852 ## - LOCALIZACIÓN
Ubicación ES-MaACL
Número de control de estantería E-761
Sublocalización o colección R.26958
Holdings
Estatus retirado Estado de pérdida Estado de daño No para préstamo Biblioteca de origen Biblioteca actual Ubicación en estantería Fecha de adquisición Fuente de adquisición Total de préstamos Signatura topográfica completa Código de barras Visto por última vez Precio de reemplazo Tipo de ítem Koha
        Biblioteca del Ateneo de Madrid Biblioteca del Ateneo de Madrid Depósito 2 17/01/2008     E-761 1084334 23/02/2023 23/02/2023 Libro impreso